Trouve l'écurie de F1 selon l'année et la place au classement - Statistiques

Statistiques générales
  • Ce quiz a été pris 101 fois
  • Le résultat moyen est 7 sur 15
Statistiques - réponses
Hint Réponse % Correct
2024 - 1er McLaren
85%
2021 - 10ème Haas
72%
2011 - 1er Red Bull
65%
2020 - 8ème Alfa Romeo
62%
2012 - 2ème Ferrari
58%
2023 - 5ème Aston Martin
52%
1992 - 3ème Benetton
52%
2004 - 3ème Renault
47%
2010 - 11ème HRT
42%
2022 - 4ème Alpine
38%
2014 - 9ème Marussia
38%
1962 - 1er BRM
33%
1960 - 1er Cooper
32%
1963 - 1er Lotus
32%
2013 - 2ème Mercedes
32%
Aucun quiz correspondant
Distribution des résultats
% des personnes avec chaque résultat
Percentile par nombre de réponses
Votre historique - résultats
Vous n’avez pas pris ce quiz